LEADER 00728nam0 2200241 450 001 000002196 005 20030428111423.0 100 $a20001124d1976----km-y0itay50------ba 101 $aita 102 $aIT 200 1 $aIntroduzione alla scienza sociale$fUmberto Cerroni 210 $aRoma$cEditori Riuniti$d1976 215 $a271 p.$d22 cm 225 2 $aNuova biblioteca di cultura$v156 410 0$12001$aNuova biblioteca di cultura 610 1 $aScienze sociali$aSaggi 676 $a300.1 700 1$aCerroni,$bUmberto$033410 801 0$aIT $bUNIPARTHENOPE $gRICA $2UNIMARC 912 $a000002196 951 $cNAVA1$aNBC 330/12$b19426$d20001214 996 $aIntroduzione alla scienza sociale$9873112 997 $aUNIPARTHENOPE LEADER 01178nam a22002891i 4500 001 991001163359707536 005 20021125161143.0 008 021125s1983 it |||||||||||||||||ita 035 $ab1210873x-39ule_inst 035 $aARCHE-019853$9ExL 040 $aDip.to Filologia Ling. e Lett.$bita$cA.t.i. Arché s.c.r.l. Pandora Sicilia s.r.l. 082 04$a872.4 245 03$aIl teatro umanistico veneto :$bla commedia /$ca cura di Graziella Gentilini 260 $aRavenna :$bLongo,$c1983 300 $a276 p. ;$c22 cm 490 0 $aTesti e studi umanistici 500 $aContiene: Epirota / di Tommaso Mezzo . Stephanium / di Giovanni Armonio Marso . Dolotechne / di Bartolomeo Zamberti. 700 1 $aMezzo, Tommaso 700 1 $aZamberti, Bartolomeo$d 700 1 $aGentilini, Graziella 700 1 $aArmonio, Giovanni$d 907 $a.b1210873x$b28-04-17$c01-04-03 912 $a991001163359707536 945 $aLE008 FL.M. XII C 4$g1$i2008000132033$lle008$o-$pE0.00$q-$rl$s- $t0$u13$v2$w13$x0$y.i1241363x$z01-04-03 996 $aTeatro umanistico veneto$9150361 997 $aUNISALENTO 998 $ale008$b01-04-03$cm$da $e-$fita$git $h3$i1 LEADER 00543nam 2200169z- 450 001 9910693642803321 035 $a(CKB)4970000000034446 035 $a(EXLCZ)994970000000034446 100 $a20240129c2003uuuu -u- - 101 0 $aeng 200 00$aHomeland security : voluntary initiatives are under way at chemical facilities, but the extent of security preparedness is unknown 210 $aWashington, D.C 517 $aHomeland Security 906 $aDOCUMENT 912 $a9910693642803321 996 $aHomeland Security$91686681 997 $aUNINA